000 00563 a2200205 4500
020 _a0-7167-5048-1
020 _a0-7167-6020-7
040 _aDLC
_bDLC
082 0 _a523.1
100 1 _aSilk, Joseph,
_98722
245 0 2 _aA short history of the universe
_cJoseph Silk
260 _aNew York :
_bFreeman,
_c1994
300 _a246 s. :
_b160 ill ;
_c23cm
440 0 _aScientific American Library series,
_v53
_9120672
650 7 _aAstrophysics
_939569
650 7 _aCosmology
650 7 _aUniverse
_910128
655 4 _aBok
_989308
942 _cBK
_k523.1 SIL
_2ddc
999 _c8696
_d8696